[Event "Toronto-ch Reserve"]
[Site "Toronto CAN"]
[Date "2023.04.17"]
[Round "1.5"]
[White "Xu, Ryan"]
[Black "Sirkovich, Daniel"]
[Result "1/2-1/2"]
[WhiteElo "1736"]
[BlackElo "1780"]
[Annotator "sirda"]
[PlyCount "114"]
[EventDate "2023.04.17"]
[EventType "tourn"]
[EventRounds "9"]
[EventCountry "CAN"]

1. d4 d5 2. c4 dxc4 3. Nf3 Nf6 4. e3 e6 5. Bxc4 c5 6. O-O a6 7. e4 b5 8. Be2
Nxe4 9. a4 b4 10. Nbd2 Bb7 11. Nc4 Nc6 12. Be3 Be7 13. Qc2 Nxd4 14. Nxd4 cxd4
15. Rfd1 Bc5 16. Bf3 f5 17. Ne5 Qb6 18. a5 Qa7 19. Qa4+ Kf8 20. Bxe4 Bxe4 21.
Nd7+ Kf7 22. Nxc5 Qxc5 23. Rxd4 Qc6 24. Rd7+ Kg6 25. Qxc6 Bxc6 26. Rd6 Bd5 27.
Rd1 Kf7 28. Rd7+ Kg6 29. Bd4 Rhg8 30. Rc1 Rad8 31. Rdc7 Bxg2 32. Kxg2 Rxd4 33.
R1c6 Kf6 34. Rxa6 Rd2 35. b3 Rb2 36. Rb6 Rxb3 37. a6 Ra3 38. a7 Ra8 39. Rbb7 b3
40. f4 Rg8 41. h4 Ra2+ 42. Kg3 b2 43. h5 Ra3+ 44. Kh4 g5+ 45. fxg5+ Ke5 46.
Rxb2 Ra4+ 47. Kh3 Rxg5 48. Rxh7 Ra3+ 49. Kh2 Ra4 50. Rb3 Ra2+ 51. Kh3 Ra1 52.
Rb2 Ra3+ 53. Kh2 Kf4 54. Rf2+ Ke5 55. Rg2 Rxg2+ 56. Kxg2 Kf4 57. h6 Kg5 1/2-1/2

[Event "Toronto-ch Reserve"]
[Site "Toronto CAN"]
[Date "2023.04.24"]
[Round "2.2"]
[White "Liu, Sean"]
[Black "Xu, Ryan"]
[Result "1-0"]
[WhiteElo "1677"]
[BlackElo "1736"]
[PlyCount "61"]
[EventDate "2023.04.17"]
[EventType "tourn"]
[EventRounds "9"]
[EventCountry "CAN"]

1. e4 c5 2. Nc3 d6 3. Bb5+ Bd7 4. Bxd7+ Nxd7 5. Nf3 Ngf6 6. O-O g6 7. Re1 Bg7
8. d3 O-O 9. Be3 Ng4 10. Qd2 Nxe3 11. fxe3 Ne5 12. Nxe5 Bxe5 13. Ne2 Bxb2 14.
Rab1 Bg7 15. Rxb7 e6 16. Reb1 Qg5 17. Nf4 d5 18. exd5 exd5 19. g3 Rae8 20. Rxa7
Rxe3 21. c3 d4 22. c4 Be5 23. Rf1 h5 24. Qg2 Bxf4 25. Rxf4 Rxd3 26. Qf1 h4 27.
Qxd3 hxg3 28. hxg3 Qe5 29. Qe4 Qg5 30. Kg2 Qh5 31. Raxf7 1-0

[Event "Toronto-ch Reserve"]
[Site "Toronto CAN"]
[Date "2023.05.01"]
[Round "3.2"]
[White "Douglas, Richard"]
[Black "Fradkin, Benjamin"]
[Result "1/2-1/2"]
[WhiteElo "1990"]
[BlackElo "2041"]
[PlyCount "60"]
[EventDate "2023.04.17"]
[EventType "tourn"]
[EventRounds "9"]
[EventCountry "CAN"]

1. f4 d5 2. Nf3 Nf6 3. e3 Bg4 4. h3 Bxf3 5. Qxf3 c5 6. Bb5+ Nc6 7. c4 e6 8. O-O
g6 9. Nc3 Bg7 10. d3 O-O 11. Bxc6 bxc6 12. e4 dxe4 13. dxe4 Qd4+ 14. Be3 Qxc4
15. Rac1 Qb4 16. e5 Nd5 17. Nxd5 cxd5 18. Bxc5 Qxb2 19. Bxf8 Bxf8 20. Qf2 Qb6
21. Kh1 Qxf2 22. Rxf2 Rb8 23. g4 Rb4 24. Rc7 Re4 25. Rxa7 Bc5 26. Ra8+ Kg7 27.
Rf3 Be3 28. f5 exf5 29. gxf5 Rxe5 30. fxg6 hxg6 1/2-1/2

[Event "Toronto-ch Reserve"]
[Site "Toronto CAN"]
[Date "2023.05.15"]
[Round "5.3"]
[White "Xu, Ryan"]
[Black "Fradkin, Benjamin"]
[Result "1/2-1/2"]
[WhiteElo "1736"]
[BlackElo "2041"]
[PlyCount "122"]
[EventDate "2023.04.17"]
[EventType "tourn"]
[EventRounds "9"]
[EventCountry "CAN"]

1. d4 d5 2. c4 c6 3. Nf3 Nf6 4. Nc3 e6 5. g3 Nbd7 6. Bg2 Be7 7. O-O O-O 8. Re1
a5 9. Nd2 e5 10. dxe5 Nxe5 11. cxd5 cxd5 12. Nb3 a4 13. Nd4 a3 14. bxa3 Qa5 15.
Qb3 Ne4 16. Bb2 Nxc3 17. Bxc3 Qxa3 18. Qxa3 Bxa3 19. Nb5 Nc6 20. Bxd5 Bb4 21.
Bxc6 Bxc3 22. Bxb7 Bxe1 23. Bxa8 Ba5 24. Bc6 Be6 25. a4 Rc8 26. Bf3 g6 27. Na7
Rc2 28. Kg2 g5 29. h3 Bc4 30. e3 Bb6 31. Be4 Rb2 32. Nc6 Bxe3 33. a5 Kg7 34. a6
Bxf2 35. Kh1 Bxa6 36. Rxa6 Bxg3 37. Nd4 Bb8 38. Rc6 f5 39. Nxf5+ Kf7 40. Bd5+
Ke8 41. Be6 Rd2 42. Rc8+ Rd8 43. Rxd8+ Kxd8 44. Bg8 h5 45. Ng7 h4 46. Ne6+ Ke7
47. Nxg5 Kf6 48. Ne4+ Kg7 49. Bc4 Be5 50. Kg2 Kh6 51. Kf3 Kg7 52. Kg4 Bg3 53.
Nxg3 hxg3 54. Kxg3 Kh7 55. Bd3+ Kh8 56. Kg4 Kg7 57. h4 Kh8 58. Kg5 Kg7 59. h5
Kh8 60. h6 Kg8 61. Kg6 Kh8 1/2-1/2

[Event "Toronto-ch Reserve"]
[Site "Toronto CAN"]
[Date "2023.05.15"]
[Round "5.4"]
[White "Sirkovich, Daniel"]
[Black "Southam, David"]
[Result "1-0"]
[WhiteElo "1780"]
[BlackElo "2066"]
[PlyCount "69"]
[EventDate "2023.04.17"]
[EventType "tourn"]
[EventRounds "9"]
[EventCountry "CAN"]

1. e4 e6 2. d4 d5 3. Nc3 Bb4 4. exd5 exd5 5. Bd3 Nc6 6. a3 Bxc3+ 7. bxc3 Nge7
8. Qf3 Be6 9. Rb1 b6 10. Ne2 Qd7 11. O-O Bf5 12. Ng3 Bxd3 13. cxd3 f6 14. Re1
O-O 15. h4 Rae8 16. h5 h6 17. a4 Kh8 18. Ba3 Rg8 19. Ne2 Qf5 20. Qxf5 Nxf5 21.
Nf4 Rd8 22. Re6 Na5 23. Ng6+ Kh7 24. g4 Nd6 25. Ne7 Rge8 26. Rbe1 Ndb7 27. Ng6
Rxe6 28. Rxe6 Rc8 29. Bf8 Kg8 30. Ba3 Kf7 31. Re7+ Kg8 32. Rd7 Kh7 33. Bf8 Rxf8
34. Nxf8+ Kg8 35. Ne6 1-0

[Event "Toronto-ch Reserve"]
[Site "Toronto CAN"]
[Date "2023.05.29"]
[Round "6.1"]
[White "Kwan, Toy Chack"]
[Black "Momic, Jovan"]
[Result "1/2-1/2"]
[WhiteElo "1571"]
[BlackElo "1716"]
[PlyCount "111"]
[EventDate "2023.04.17"]
[EventType "tourn"]
[EventRounds "9"]
[EventCountry "CAN"]

1. d4 d5 2. Nf3 Nf6 3. c4 e6 4. Nc3 b6 5. Bf4 Bb7 6. e3 a6 7. a3 Bd6 8. Bxd6
cxd6 9. Rc1 O-O 10. Bd3 Nbd7 11. O-O Re8 12. cxd5 Nxd5 13. Nxd5 Bxd5 14. e4 Bb7
15. Qe2 b5 16. Rc3 Rc8 17. Rfc1 Qb6 18. Rxc8 Rxc8 19. Rxc8+ Bxc8 20. Qc2 Bb7
21. b4 h6 22. Kf1 Qc6 23. Ke2 Nb6 24. Qxc6 Bxc6 25. Nd2 Kf8 26. f3 Ke7 27. h4
f6 28. g3 d5 29. e5 fxe5 30. dxe5 Nc4 31. Nb3 Nxa3 32. Nc5 Nc4 33. Nxa6 Nxe5
34. f4 Nxd3 35. Kxd3 Kf6 36. Nc5 e5 37. fxe5+ Kxe5 38. Nb3 Be8 39. Nd4 Bd7 40.
Nf3+ Kd6 41. Kd4 Bg4 42. Ne5 Be2 43. Nf7+ Ke7 44. Ne5 Ke6 45. Ng6 Bc4 46. Nf4+
Kd6 47. Nh5 g5 48. hxg5 hxg5 49. Nf6 Ke6 50. Ng4 Be2 51. Ne3 Bc4 52. Ng4 Bb3
53. Ne3 Ba2 54. Nd1 Bb3 55. Ne3 Bc4 56. Ng4 1/2-1/2

[Event "Toronto-ch Reserve"]
[Site "Toronto CAN"]
[Date "2023.05.29"]
[Round "6.3"]
[White "Fradkin, Benjamin"]
[Black "Sirkovich, Daniel"]
[Result "1-0"]
[WhiteElo "2041"]
[BlackElo "1780"]
[Annotator "sirda"]
[PlyCount "99"]
[EventDate "2023.04.17"]
[EventType "tourn"]
[EventRounds "9"]
[EventCountry "CAN"]

1. d4 d5 2. Bf4 Nf6 3. Nf3 e6 4. e3 Bd6 5. Ne5 O-O 6. Be2 c5 7. c3 Qc7 8. Nd2
b6 9. Bg3 Bb7 10. O-O Nbd7 11. Nxd7 Nxd7 12. Bxd6 Qxd6 13. f4 f6 14. Bb5 a6 15.
Bxd7 Qxd7 16. Qg4 Rfe8 17. Nf3 Qb5 18. Rf2 Qd3 19. Re1 Qc4 20. a3 Qd3 21. Rd2
Qe4 22. h3 a5 23. Rf2 c4 24. Rfe2 Bc6 25. Nd2 Qd3 26. Kh2 b5 27. Qh4 b4 28. g4
bxc3 29. bxc3 Qxc3 30. g5 fxg5 31. Qxg5 Qxa3 32. Rg2 Ra7 33. Qe5 Qf8 34. Reg1
a4 35. Nf3 Rd7 36. Qh5 Ree7 37. Ne5 Rc7 38. Nf3 Be8 39. Qh4 c3 40. Ne5 c2 41.
Rc1 Qf5 42. Rcxc2 Rxc2 43. Qxe7 Rxg2+ 44. Kxg2 Bh5 45. Qd8+ Qf8 46. Qb6 Qe8 47.
Qd6 Bd1 48. f5 Qc8 49. fxe6 Qf8 50. e7 1-0

[Event "Toronto-ch Reserve"]
[Site "Toronto CAN"]
[Date "2023.06.05"]
[Round "7.3"]
[White "Sirkovich, Daniel"]
[Black "Zhu, Charis"]
[Result "1-0"]
[WhiteElo "1780"]
[BlackElo "1912"]
[PlyCount "111"]
[EventDate "2023.04.17"]
[EventType "tourn"]
[EventRounds "9"]
[EventCountry "CAN"]

1. e4 e5 2. Nf3 Nc6 3. Bb5 a6 4. Ba4 Nf6 5. d3 b5 6. Bb3 Be7 7. c3 d6 8. O-O
O-O 9. Re1 Bb7 10. Nbd2 Qd7 11. Nf1 Nd8 12. Ng3 g6 13. d4 exd4 14. cxd4 Ne6 15.
Bh6 Rfe8 16. h3 Bf8 17. Qd2 Bg7 18. Bxg7 Kxg7 19. d5 Nc5 20. Bc2 a5 21. b4 axb4
22. Qxb4 Re7 23. Nd4 Rae8 24. f3 h5 25. Qd2 Nh7 26. h4 c6 27. dxc6 Bxc6 28.
Red1 Ne6 29. Ngf5+ gxf5 30. Nxf5+ Kh8 31. Qc3+ f6 32. Rxd6 Qa7+ 33. Kf1 Bb7 34.
Nxe7 Rxe7 35. Bb3 Rc7 36. Qd2 b4 37. g3 Nef8 38. Rd8 Ba6+ 39. Kg2 Rg7 40. Qd6
Qc7 41. Rd1 Be2 42. Rd2 Bb5 43. Rxf8+ Nxf8 44. Qxf8+ Kh7 45. Qd6 Qc1 46. Rd1
Qe3 47. Qd2 Qc5 48. Qd5 Rxg3+ 49. Kxg3 Qc7+ 50. Kg2 Qg7+ 51. Kf2 Qa7+ 52. Qd4
Qb8 53. Kg2 Qf4 54. Qa7+ Kh6 55. Bg8 Bf1+ 56. Rxf1 1-0

[Event "Toronto-ch Reserve"]
[Site "Toronto CAN"]
[Date "2023.06.12"]
[Round "8.4"]
[White "Douglas, Richard"]
[Black "Sirkovich, Daniel"]
[Result "0-1"]
[WhiteElo "1994"]
[BlackElo "1780"]
[Annotator "sirda"]
[PlyCount "50"]
[EventDate "2023.04.17"]
[EventType "tourn"]
[EventRounds "9"]
[EventCountry "CAN"]

1. f4 d5 2. Nf3 Nf6 3. e3 g6 4. Be2 Bg7 5. d3 O-O 6. O-O c5 7. Kh1 Nc6 8. Ne5
Nxe5 9. fxe5 Nd7 10. d4 f6 11. Nc3 e6 12. Bg4 Qe7 13. Nb5 Nb6 14. Nd6 Bd7 15.
dxc5 f5 16. Be2 Bxe5 17. Qe1 Na4 18. Nxb7 Rab8 19. Na5 Nxc5 20. c3 Qg7 21. Qh4
g5 22. Qh3 Ne4 23. Bd3 g4 24. Qh4 Rf6 25. Bxe4 Rh6 0-1

[Event "Toronto-ch Seniors"]
[Site "Toronto CAN"]
[Date "2023.10.19"]
[Round "1.1"]
[White "Campbell, Brett"]
[Black "Berengolts, Isai"]
[Result "1/2-1/2"]
[WhiteElo "2053"]
[BlackElo "1996"]
[PlyCount "79"]
[EventDate "2023.10.19"]
[EventType "tourn"]
[EventRounds "9"]
[EventCountry "CAN"]

1. c4 Nf6 2. Nc3 e6 3. d4 d6 4. e4 Be7 5. Nf3 O-O 6. h3 c5 7. Be3 cxd4 8. Nxd4
Nc6 9. Be2 d5 10. exd5 exd5 11. Nxc6 bxc6 12. cxd5 Nxd5 13. Nxd5 cxd5 14. O-O
Bf6 15. Bd4 Be6 16. Rc1 Bxd4 17. Qxd4 Qg5 18. Rc3 f5 19. f4 Qd8 20. Bf3 Qa5 21.
a3 Rac8 22. b4 Qb6 23. Qxb6 axb6 24. Rfc1 Rxc3 25. Rxc3 Ra8 26. Rd3 Rd8 27. Rd4
Kf7 28. Kf2 Ke7 29. Ke3 Kd6 30. Bd1 Ra8 31. Rd3 Re8 32. Kd2 Bd7 33. g3 g6 34.
h4 Bb5 35. Re3 Ra8 36. a4 Bxa4 37. Ra3 Bc6 38. Rxa8 Bxa8 39. Kc3 Bc6 40. Kd4
1/2-1/2

[Event "Toronto-ch Seniors"]
[Site "Toronto CAN"]
[Date "2023.10.19"]
[Round "1.2"]
[White "Verde, Pino"]
[Black "Fradkin, Benjamin"]
[Result "0-1"]
[WhiteElo "1479"]
[BlackElo "1914"]
[PlyCount "40"]
[EventDate "2023.10.19"]
[EventType "tourn"]
[EventRounds "9"]
[EventCountry "CAN"]

1. e4 c6 2. d4 d5 3. e5 Bf5 4. g4 Bg6 5. h4 h6 6. Nf3 e6 7. h5 Be4 8. Bd3 c5 9.
Bb5+ Nc6 10. Be3 Qb6 11. Nc3 Bxf3 12. Qxf3 cxd4 13. O-O Nge7 14. a4 O-O-O 15.
Qxf7 dxe3 16. Qxe6+ Kb8 17. a5 Qd4 18. f4 Qc5 19. Be2 Nd4 20. Bd3 Nxe6 0-1

[Event "Toronto-ch Seniors"]
[Site "Toronto CAN"]
[Date "2023.10.19"]
[Round "1.3"]
[White "Malakhovets, Sergey"]
[Black "Oancea, Nicolae"]
[Result "1-0"]
[WhiteElo "2181"]
[BlackElo "2035"]
[PlyCount "101"]
[EventDate "2023.10.19"]
[EventType "tourn"]
[EventRounds "9"]
[EventCountry "CAN"]

1. d4 g6 2. Nc3 Bg7 3. e4 d6 4. Bf4 a6 5. Nf3 b5 6. Bd3 Bb7 7. O-O Nd7 8. Ne2
Ngf6 9. Ng3 O-O 10. Re1 c5 11. c3 h6 12. Qd2 g5 13. Be3 e6 14. h3 g4 15. Nh2
gxh3 16. Bxh6 Ne8 17. Nh5 e5 18. Nxg7 Nxg7 19. Re3 f6 20. Bxg7 Kxg7 21. Rg3+
Kf7 22. Qh6 Ke7 23. d5 Rf7 24. Qxh3 Nf8 25. Qh6 Kd7 26. Rg7 Qe7 27. Rxf7 Qxf7
28. a4 b4 29. cxb4 cxb4 30. Be2 Qg6 31. Bg4+ Ke7 32. Qc1 Nd7 33. Qc7 Bc8 34.
Bf5 Qe8 35. Ng4 Qd8 36. Qc1 Nc5 37. Qh6 Qf8 38. Qxf8+ Kxf8 39. Nxf6 Bxf5 40.
exf5 Kf7 41. Ng4 Nb3 42. Rd1 Rc8 43. Rd3 Nc5 44. Rh3 Kg7 45. Rh6 Nxa4 46. Rxd6
Nxb2 47. Rxa6 Rb8 48. Ra7+ Kf8 49. Nxe5 Rb5 50. f6 Kg8 51. Rg7+ 1-0

[Event "Toronto-ch Seniors"]
[Site "Toronto CAN"]
[Date "2023.10.19"]
[Round "1.4"]
[White "Momic, Jovan"]
[Black "Barron, Michael"]
[Result "0-1"]
[WhiteElo "1683"]
[BlackElo "2286"]
[PlyCount "70"]
[EventDate "2023.10.19"]
[EventType "tourn"]
[EventRounds "9"]
[EventCountry "CAN"]

1. d4 f5 2. g3 Nf6 3. Bg2 g6 4. Nd2 d6 5. e4 e5 6. Ne2 Nc6 7. d5 Ne7 8. c4 Bg7
9. O-O O-O 10. f4 Ng4 11. Rf3 exf4 12. gxf4 c6 13. Qb3 fxe4 14. Nxe4 cxd5 15.
cxd5 Nf5 16. Ng5 Nd4 17. Nxd4 Bxd4+ 18. Kh1 Nf2+ 19. Rxf2 Bxf2 20. Ne6 Bxe6 21.
dxe6 Qe7 22. Bd2 Bd4 23. Re1 Rab8 24. Re4 Bf6 25. Bb4 Kg7 26. Qd5 Rfd8 27. f5
Rbc8 28. fxg6 Rc1+ 29. Re1 Rxe1+ 30. Bxe1 hxg6 31. Be4 Re8 32. Qxb7 Qxb7 33.
Bxb7 Rxe6 34. Bf2 Re2 35. Bxa7 Re7 0-1

[Event "Toronto-ch Seniors"]
[Site "Toronto CAN"]
[Date "2023.10.19"]
[Round "1.5"]
[White "Corrie, Michael"]
[Black "Upper, John"]
[Result "0-1"]
[WhiteElo "1578"]
[BlackElo "2163"]
[PlyCount "56"]
[EventDate "2023.10.19"]
[EventType "tourn"]
[EventRounds "9"]
[EventCountry "CAN"]

1. d4 Nf6 2. Bf4 b6 3. e3 Bb7 4. Nf3 g6 5. Nbd2 Bg7 6. Be2 O-O 7. h4 d6 8. Rg1
c5 9. g4 cxd4 10. exd4 Nc6 11. c3 Re8 12. h5 e5 13. dxe5 dxe5 14. Bg5 e4 15.
Nh4 Ne5 16. hxg6 hxg6 17. Nc4 Nd3+ 18. Bxd3 exd3+ 19. Ne3 Qd5 20. Bxf6 Bxf6 21.
Nhg2 Rad8 22. Qd2 Qf3 23. Kf1 Qh3 24. Nd1 Re2 25. Qf4 Be5 26. Qg5 Re8 27. Nde3
Rxf2+ 28. Kxf2 Qf3+ 0-1

[Event "Toronto-ch Seniors"]
[Site "Toronto CAN"]
[Date "2023.10.26"]
[Round "2.1"]
[White "Berengolts, Isai"]
[Black "Upper, John"]
[Result "1-0"]
[WhiteElo "1996"]
[BlackElo "2163"]
[PlyCount "105"]
[EventDate "2023.10.19"]
[EventType "tourn"]
[EventRounds "9"]
[EventCountry "CAN"]

1. e4 c5 2. Nc3 Nc6 3. f4 g6 4. Nf3 Bg7 5. Bb5 Nd4 6. O-O a6 7. Bc4 b5 8. Bd5
Rb8 9. e5 e6 10. Be4 d5 11. Bd3 Nxf3+ 12. Rxf3 Qb6 13. Kh1 Bb7 14. Qg1 Qc6 15.
a4 c4 16. axb5 axb5 17. Bf1 b4 18. Ne2 f6 19. Nd4 Qb6 20. Qe3 fxe5 21. Nf5 Qxe3
22. Nxg7+ Kf7 23. Rxe3 e4 24. Ra7 Ne7 25. b3 d4 26. Nxe6 Kxe6 27. Bxc4+ Kd6 28.
Re1 Rhf8 29. g3 g5 30. Rxb7 Rxb7 31. Rxe4 gxf4 32. Rxd4+ Kc5 33. Re4 fxg3 34.
d4+ Kc6 35. hxg3 Nf5 36. Bf4 Rg7 37. Kh2 Rg6 38. Kh3 h5 39. Be2 Nd6 40. Bf3 Kd7
41. Re5 h4 42. Bg4+ Kc6 43. Rc5+ Kb6 44. Kxh4 Ne4 45. Re5 Rh8+ 46. Rh5 Rxg4+
47. Kxg4 Nf6+ 48. Kg5 Nxh5 49. Be5 Rh7 50. Kg6 Nxg3 51. Kxh7 Ne2 52. d5 Ng1 53.
Bd4+ 1-0

[Event "Toronto-ch Seniors"]
[Site "Toronto CAN"]
[Date "2023.10.26"]
[Round "2.2"]
[White "Barron, Michael"]
[Black "Corrie, Michael"]
[Result "1-0"]
[WhiteElo "2286"]
[BlackElo "1578"]
[PlyCount "65"]
[EventDate "2023.10.19"]
[EventType "tourn"]
[EventRounds "9"]
[EventCountry "CAN"]

1. e4 c6 2. d4 d5 3. e5 c5 4. dxc5 e6 5. Be3 Nd7 6. Bb5 Qa5+ 7. Nc3 a6 8. Bxd7+
Bxd7 9. a3 Ne7 10. b4 Qc7 11. Nf3 Nf5 12. Bd4 Be7 13. O-O O-O 14. Ne2 Nxd4 15.
Nexd4 f6 16. Qe2 fxe5 17. Qxe5 Qxe5 18. Nxe5 Bc8 19. f4 Bf6 20. Rae1 a5 21. b5
a4 22. c3 Bxe5 23. Rxe5 Rf6 24. g3 Bd7 25. c6 bxc6 26. bxc6 Bc8 27. Rb1 Ra7 28.
Rb8 Rc7 29. Ra8 Kf7 30. Rxa4 Kg6 31. Ra8 Rf5 32. Nxf5 exf5 33. Re8 1-0

[Event "Toronto-ch Seniors"]
[Site "Toronto CAN"]
[Date "2023.10.26"]
[Round "2.3"]
[White "Oancea, Nicolae"]
[Black "Momic, Jovan"]
[Result "1-0"]
[WhiteElo "2035"]
[BlackElo "1683"]
[PlyCount "87"]
[EventDate "2023.10.19"]
[EventType "tourn"]
[EventRounds "9"]
[EventCountry "CAN"]

1. c4 g6 2. g3 Bg7 3. Bg2 Nc6 4. Nc3 f5 5. e3 e5 6. Nge2 Nf6 7. O-O d6 8. d3
Bd7 9. e4 h6 10. Rb1 a5 11. b3 Qc8 12. Re1 fxe4 13. dxe4 Bg4 14. Nb5 Nb4 15. h3
Bxh3 16. Nxc7+ Qxc7 17. Bxh3 Nxe4 18. a3 Na6 19. Be3 Nac5 20. Bg2 Nf6 21. Qc2
Qf7 22. Nf4 g5 23. Ng6 Rg8 24. Bxc5 dxc5 25. Rxe5+ Kd8 26. Re7 Qxe7 27. Nxe7
Kxe7 28. Re1+ Kf7 29. Qf5 Rge8 30. Bd5+ Kf8 31. Re6 Rxe6 32. Bxe6 Ke7 33. Bd5
Ra6 34. Bxb7 Rb6 35. Qxc5+ Rd6 36. Bc8 Ne4 37. Qa7+ Kf8 38. Qxa5 Bd4 39. Qf5+
Nf6 40. Be6 Ke7 41. Bd5 Ra6 42. Kg2 Rxa3 43. Qe6+ Kd8 44. Qd6+ 1-0

[Event "Toronto-ch Seniors"]
[Site "Toronto CAN"]
[Date "2023.10.26"]
[Round "2.4"]
[White "Fradkin, Benjamin"]
[Black "Malakhovets, Sergey"]
[Result "0-1"]
[WhiteElo "1914"]
[BlackElo "2181"]
[PlyCount "54"]
[EventDate "2023.10.19"]
[EventType "tourn"]
[EventRounds "9"]
[EventCountry "CAN"]

1. d4 d5 2. Nf3 Nf6 3. Bf4 c5 4. e3 Nc6 5. c3 Qb6 6. Qb3 c4 7. Qxb6 axb6 8. Ne5
Bf5 9. Nd2 b5 10. Nxc6 bxc6 11. a3 e6 12. Rc1 c5 13. Be2 b4 14. axb4 cxb4 15.
O-O bxc3 16. bxc3 Be7 17. f3 O-O 18. e4 Bg6 19. Ra1 Rfc8 20. Rxa8 Rxa8 21. Rb1
dxe4 22. Rb7 Nd5 23. Bxc4 Nxf4 24. Rxe7 e3 25. Nb3 Bd3 26. Bxd3 Nxd3 27. Kf1
Kf8 0-1

[Event "Toronto-ch Seniors"]
[Site "Toronto CAN"]
[Date "2023.10.26"]
[Round "2.5"]
[White "Campbell, Brett"]
[Black "Verde, Pino"]
[Result "1-0"]
[WhiteElo "2053"]
[BlackElo "1479"]
[PlyCount "83"]
[EventDate "2023.10.19"]
[EventType "tourn"]
[EventRounds "9"]
[EventCountry "CAN"]

1. Nf3 Nf6 2. g3 b6 3. d4 Bb7 4. Bg2 g6 5. c4 Bg7 6. Nc3 e6 7. d5 d6 8. O-O e5
9. e4 Nbd7 10. h3 O-O 11. Be3 Nc5 12. Qc2 Bc8 13. b4 Na6 14. Rab1 Bd7 15. Ne1
Qc8 16. Kh2 h5 17. Nd3 Nh7 18. c5 f5 19. c6 Be8 20. f3 f4 21. Bf2 g5 22. g4
hxg4 23. hxg4 Nf6 24. Qe2 Kf7 25. a4 Rh8+ 26. Bh3 Nh5 27. Kg2 Nf6 28. a5 Bf8
29. Ra1 Rb8 30. axb6 axb6 31. Rxa6 Kg6 32. Ra7 Qd8 33. b5 Qe7 34. Rh1 Rh6 35.
Nb4 Qh7 36. Na6 Rc8 37. Bxb6 Be7 38. Rxc7 Ra8 39. Ra7 Rc8 40. Nd1 Bf7 41. Rxe7
Rh8 42. Nf2 1-0

[Event "Toronto-ch Seniors"]
[Site "Toronto CAN"]
[Date "2023.11.02"]
[Round "3.1"]
[White "Verde, Pino"]
[Black "Berengolts, Isai"]
[Result "0-1"]
[WhiteElo "1479"]
[BlackElo "1996"]
[PlyCount "94"]
[EventDate "2023.10.19"]
[EventType "tourn"]
[EventRounds "9"]
[EventCountry "CAN"]

1. e4 c5 2. Nf3 g6 3. c3 Bg7 4. d4 cxd4 5. cxd4 d5 6. exd5 Nf6 7. Bc4 O-O 8.
O-O Nxd5 9. Nc3 Nb6 10. Bb3 Bg4 11. Be3 Nc6 12. d5 Ne5 13. Re1 Qc8 14. Bf4 Bxf3
15. gxf3 Qf5 16. Re4 g5 17. Bxe5 Bxe5 18. Bc2 Qf6 19. Rg4 Qh6 20. h4 Kh8 21.
Qd2 Rg8 22. Ne4 f6 23. Ng3 Bf4 24. Qd4 Bxg3 25. fxg3 Rad8 26. hxg5 Rxg5 27. Qf4
Nxd5 28. Rh4 Nxf4 29. Rxh6 Rxg3+ 30. Kh1 Rh3+ 31. Rxh3 Nxh3 32. Bf5 Nf4 33. Re1
e6 34. Re4 Rd1+ 35. Kh2 Rd2+ 36. Kh1 exf5 37. Rxf4 Rxb2 38. Rxf5 Rxa2 39. Rxf6
Kg7 40. Rf4 b5 41. Rb4 a6 42. Rb3 Kf6 43. f4 Kf5 44. Rh3 b4 45. Rh5+ Kg6 46.
Rg5+ Kf6 47. Rh5 b3 0-1

[Event "Toronto-ch Seniors"]
[Site "Toronto CAN"]
[Date "2023.11.02"]
[Round "3.2"]
[White "Malakhovets, Sergey"]
[Black "Campbell, Brett"]
[Result "1-0"]
[WhiteElo "2181"]
[BlackElo "2053"]
[PlyCount "69"]
[EventDate "2023.10.19"]
[EventType "tourn"]
[EventRounds "9"]
[EventCountry "CAN"]

1. d4 d5 2. Bf4 Nf6 3. e3 Bf5 4. Nf3 e6 5. Nc3 Bb4 6. Bd3 Ne4 7. O-O Bxc3 8.
bxc3 O-O 9. c4 dxc4 10. Bxc4 Nd7 11. Bd3 Nc3 12. Qd2 Bxd3 13. Qxd3 Nd5 14. Bg5
f6 15. Bh4 c6 16. Rab1 b6 17. c4 Ne7 18. Qe4 Kf7 19. Qxh7 Ng6 20. Qh5 Rh8 21.
Qg4 Nxh4 22. Nxh4 g5 23. Nf3 Qc7 24. g3 Nf8 25. e4 Qe7 26. e5 f5 27. Qxg5 Qxg5
28. Nxg5+ Ke7 29. f4 Nh7 30. Nf3 Rhd8 31. Rfd1 Rab8 32. a4 a6 33. d5 cxd5 34.
cxd5 b5 35. Nd4 1-0

[Event "Toronto-ch Seniors"]
[Site "Toronto CAN"]
[Date "2023.11.02"]
[Round "3.3"]
[White "Momic, Jovan"]
[Black "Fradkin, Benjamin"]
[Result "0-1"]
[WhiteElo "1683"]
[BlackElo "1914"]
[PlyCount "84"]
[EventDate "2023.10.19"]
[EventType "tourn"]
[EventRounds "9"]
[EventCountry "CAN"]

1. d4 d5 2. c4 c6 3. cxd5 cxd5 4. Nc3 Nf6 5. Nf3 e6 6. e3 Nc6 7. a3 Be7 8. Bd3
a6 9. e4 dxe4 10. Nxe4 Bd7 11. O-O Nxe4 12. Bxe4 O-O 13. b4 Bf6 14. Be3 Rc8 15.
Rc1 b5 16. Rc5 Be7 17. Bxh7+ Kxh7 18. Rh5+ Kg8 19. Ng5 Bxg5 20. Rxg5 Qf6 21.
Qg4 Ne7 22. Rh5 g6 23. Re5 Nf5 24. Qf4 Qg7 25. h4 Bc6 26. Rc5 Bd5 27. Rfc1 Bc4
28. g4 Nxe3 29. fxe3 Rfe8 30. h5 Rxc5 31. h6 g5 32. Qh2 Qg6 33. dxc5 Qe4 34.
Qg3 Bd5 35. Kf2 Kh7 36. c6 Qd3 37. Ke1 Bc4 38. Qf2 f5 39. Rc2 Rd8 40. Rc1 Qe4
41. Rxc4 Qb1+ 42. Ke2 Qd1# 0-1

[Event "Toronto-ch Seniors"]
[Site "Toronto CAN"]
[Date "2023.11.02"]
[Round "3.5"]
[White "Corrie, Michael"]
[Black "Oancea, Nicolae"]
[Result "1/2-1/2"]
[WhiteElo "1578"]
[BlackElo "2035"]
[PlyCount "116"]
[EventDate "2023.10.19"]
[EventType "tourn"]
[EventRounds "9"]
[EventCountry "CAN"]

1. d4 Nf6 2. Bf4 g6 3. Nc3 d5 4. Qd2 h6 5. O-O-O Bg7 6. f3 g5 7. Bg3 Bf5 8. Bf2
Nbd7 9. g4 Bg6 10. h4 gxh4 11. Rxh4 e6 12. Nh3 Nb6 13. Nf4 Nc4 14. Qe1 Bh7 15.
e4 Qd6 16. e5 Qb4 17. Bxc4 Qxc4 18. exf6 Bxf6 19. Rh3 Bg5 20. Bg3 O-O-O 21. Kb1
a6 22. Nd3 Rhf8 23. f4 Be7 24. Bh4 Bxh4 25. Rxh4 Qxd4 26. Qe5 Qc4 27. Rxh6 Bg8
28. f5 Qxg4 29. fxe6 fxe6 30. Qh5 Qg3 31. Rg6 Qd6 32. Qg4 Kb8 33. Rg7 e5 34.
Qg3 d4 35. Ne4 Qd5 36. Qxe5 Qxa2+ 37. Kc1 Bf7 38. Ng5 Rfe8 39. Qh2 Re7 40. Rxf7
Qa1+ 41. Kd2 Qa5+ 42. Kc1 Qxg5+ 43. Rf4 Rg7 44. Qh4 Qd5 45. Nb4 Qg8 46. Rfxd4
Rxd4 47. Qxd4 Qh7 48. Qd8+ Ka7 49. Qd4+ b6 50. Qd3 Qxd3 51. Rxd3 Kb7 52. c3 Rh7
53. Kc2 a5 54. Nd5 Rf7 55. Kb3 Rh7 56. c4 Rf7 57. Ka4 Rh7 58. b4 Rh6 1/2-1/2

[Event "Toronto-ch Seniors"]
[Site "Toronto CAN"]
[Date "2023.11.09"]
[Round "4.1"]
[White "Berengolts, Isai"]
[Black "Barron, Michael"]
[Result "0-1"]
[WhiteElo "1996"]
[BlackElo "2286"]
[PlyCount "94"]
[EventDate "2023.10.19"]
[EventType "tourn"]
[EventRounds "9"]
[EventCountry "CAN"]

1. e4 e5 2. Nf3 Nc6 3. Bc4 Bc5 4. c3 Nf6 5. d4 exd4 6. cxd4 Bb4+ 7. Bd2 Nxe4 8.
Bxb4 Nxb4 9. Bxf7+ Kxf7 10. Qb3+ Kf8 11. Qxb4+ Qe7 12. Qxe7+ Kxe7 13. O-O Kd8
14. Re1 Nf6 15. Nc3 d6 16. Ng5 Rf8 17. f3 h6 18. Ne6+ Bxe6 19. Rxe6 Kd7 20.
Rae1 Rae8 21. Rxe8 Rxe8 22. Rxe8 Kxe8 23. Kf2 Kd7 24. h4 Ke6 25. g4 c6 26. Ke3
Nd5+ 27. Ke4 Nb4 28. f4 d5+ 29. Ke3 Nc2+ 30. Kd3 Ne1+ 31. Ke2 Ng2 32. Kf3 Nxh4+
33. Kg3 g5 34. Nd1 Kf6 35. f5 Nxf5+ 36. gxf5 Kxf5 37. Nf2 h5 38. b4 g4 39. a4
Kg5 40. Nd3 h4+ 41. Kf2 Kf5 42. Nc5 b6 43. Nd7 Kf4 44. Ne5 h3 45. Nxc6 g3+ 46.
Kg1 Ke3 47. b5 h2+ 0-1

[Event "Toronto-ch Seniors"]
[Site "Toronto CAN"]
[Date "2023.11.09"]
[Round "4.3"]
[White "Fradkin, Benjamin"]
[Black "Corrie, Michael"]
[Result "1/2-1/2"]
[WhiteElo "1914"]
[BlackElo "1578"]
[PlyCount "48"]
[EventDate "2023.10.19"]
[EventType "tourn"]
[EventRounds "9"]
[EventCountry "CAN"]

1. d4 d5 2. Nf3 Nf6 3. g3 Bf5 4. Bg2 e6 5. O-O c5 6. c4 Nc6 7. cxd5 Nxd5 8. Nc3
Nxc3 9. bxc3 Rc8 10. Be3 cxd4 11. Nxd4 Nxd4 12. Bxd4 b6 13. Bb7 Rc7 14. Ba6 f6
15. Qa4+ Kf7 16. e4 Bxe4 17. Be5 Qd5 18. Bd4 Bh1 19. f3 Bxf3 20. Qb3 Qxb3 21.
axb3 Bb7 22. Be2 Bc5 23. Rxa7 Bxd4+ 24. cxd4 Ra8 1/2-1/2